Programming in C (Record no. 1095859)

MARC details
000 -LEADER
fixed length control field 00358nam a2200133Ia 4500
008 - FIXED-LENGTH DATA ELEMENTS--GENERAL INFORMATION
fixed length control field 231228s2011 xx 000 0 und d
041 ## - LANGUAGE CODE
Language code of text/sound track or separate title eng
082 ## - DEWEY DECIMAL CLASSIFICATION NUMBER
Classification number 5.2
Item number JUN
100 ## - MAIN ENTRY--PERSONAL NAME
Personal name JUNEJA (B.L.)/ SETH (Anita)
245 ## - TITLE STATEMENT
Title Programming in C
250 ## - EDITION STATEMENT
Edition statement 1st Impr
260 ## - PUBLICATION, DISTRIBUTION, ETC.
Place of publication, distribution, etc. New Delhi
Name of publisher, distributor, etc. Cengage Learning India Pvt. Ltd New Delhi
Date of publication, distribution, etc. 2011
300 ## - PHYSICAL DESCRIPTION
Extent iv, 477

No items available.